[Event "Bhubaneswar Pillai Memorial"]
[Site "Bhubaneswar"]
[Date "2016.11.24"]
[Round "10"]
[White "Sahoo, Dasharathi"]
[Black "Bhabesh, Mohanty"]
[Result "1-0"]
[WhiteElo "1674"]
[BlackElo "1764"]
[PlyCount "106"]
[EventDate "2016.11.20"]
[EventType "swiss"]
[EventRounds "11"]
[EventCountry "IND"]
[SourceTitle "CBM 175 Extra"]
[Source "ChessBase"]
[SourceDate "2016.12.12"]
[SourceVersion "1"]
[SourceVersionDate "2016.12.12"]
[SourceQuality "1"]

1. e4 e5 2. Nf3 Nc6 3. Bb5 a6 4. Ba4 Nf6 5. 0-0 Be7 6. Re1 b5 7. Bb3 0-0 8. c3 d6 9. h3 Na5 10. Bc2 c5 11. d4 Qc7 12. Nbd2 Re8 13. d5 Bf8 14. Nf1 h6 15. b3 Bd7 16. Bd2 g6 17. N3h2 Bg7 18. g4 Nh7 19. Ng3 Qd8 20. Kg2 Nb7 21. b4 cxb4 22. cxb4 a5 23. a3 Rf8 24. Qe2 axb4 25. axb4 Rxa1 26. Rxa1 Qb8 27. Ra6 Rc8 28. Bd3 Nd8 29. Nf3 Bf8 30. Nf1 f6 31. Ra5 Nf7 32. Bxb5 Bxb5 33. Qxb5 Qxb5 34. Rxb5 Rc2 35. Be3 Rb2 36. N1d2 Kg7 37. Rb7 Nhg5 38. Nxg5 fxg5 39. Nc4 Rb1 40. Na5 Kf6 41. Nc6 Rb3 42. b5 Rc3 43. b6 Rc4 44. f3 h5 45. Rd7 Rc2+ 46. Bf2 hxg4 47. hxg4 Rb2 48. b7 Be7 49. Nxe7 Nh6 50. Kg3 Rb3 51. Nc6 Rxb7 52. Rxb7 Nxg4 53. Nd8 Nh6 1-0

[Event "Bhubaneswar Pillai Memorial"]
[Site "Bhubaneswar"]
[Date "2016.11.21"]
[Round "4"]
[White "Bipin, Mallick"]
[Black "Bhabesh, Mohanty"]
[Result "0-1"]
[WhiteElo "1242"]
[BlackElo "1764"]
[PlyCount "84"]
[EventDate "2016.11.20"]
[EventType "swiss"]
[EventRounds "11"]
[EventCountry "IND"]
[SourceTitle "CBM 175 Extra"]
[Source "ChessBase"]
[SourceDate "2016.12.12"]
[SourceVersion "1"]
[SourceVersionDate "2016.12.12"]
[SourceQuality "1"]

1. d4 f5 2. c4 Nf6 3. Nc3 e6 4. Nf3 g6 5. Bg5 Bg7 6. e4 h6 7. Bxf6 Qxf6 8. e5 Qe7 9. g3 0-0 10. Bg2 d6 11. Qe2 Nc6 12. exd6 cxd6 13. d5 Bxc3+ 14. bxc3 exd5 15. Qxe7 Nxe7 16. cxd5 Nxd5 17. Nh4 Ne7 18. 0-0-0 Rf6 19. Rhe1 Kf7 20. Rd3 g5 21. Nf3 Nc6 22. Nd4 Nxd4 23. Rxd4 Be6 24. Rxd6 Bxa2 25. Rd7+ Kg6 26. Ree7 Rc8 27. h3 Bf7 28. Kc2 b5 29. Kb2 a5 30. Bd5 Bxd5 31. Rxd5 Rfc6 32. g4 fxg4 33. hxg4 Rf8 34. Re2 b4 35. Rxa5 bxc3+ 36. Kc2 Rf4 37. Ra3 Rxg4 38. Rxc3 Rxc3+ 39. Kxc3 Kf5 40. Kd3 Ra4 41. Rd2 Re4 42. f3 Re6 0-1